000 01186cam a2200397 a 4500
001 22727
003 SK-KTurca
005 20260421160249.0
008 240226s1986 xo gr 000 f slo
015 _aSNBA1987/01
020 _q(viazané)
035 _aSNK000025949
035 _a75B27B4A-AAE2-400C-AA6E-21C73257F829
035 _aurn:nbn:sk:snk-am00ihip
040 _aSNK
_bslo
_cSNK
_eAACR2
041 1 _aslo
_heng
044 _axo
_cSK
080 _a821.111(73)-3
_22001
080 _a316.3(0:82-31) - formálny znak
_22011
100 1 _aDick, Philip K.,
_d1928-1982
_4aut
240 1 2 _aA Scanner Darkly
_lSlovensky
245 1 0 _aTemný obraz
_cK. Dick Philip ; preložil Ján Kamenistý
250 _a1. vyd.
260 _aBratislava
_bSmena
_c1986
_eBratislava
_fPravda
300 _a256 s.
_c20 cm
366 _e50000 výtl.
490 1 _aLabyrint
_vZv. 122
655 7 _aamerické prózy
_2SNKPH
655 7 _aspoločenské romány
_2SNKPH
655 7 _aAmerican prose
_2SNKPHeng
655 7 _aSociety novels
_2SNKPHeng
700 1 _aKamenistý, Ján,
_d1941-
_4trl
830 0 _aLabyrint
942 _2ddc
_cKLDO
_n0
999 _c22727
_d22727